[Event "AUTO-OPEN-1320"]
[Site "http://www.queenalice.com/game.php?id=485259"]
[Date "2008.10.30"]
[Round "1"]
[White "montelo"]
[Black "abo01"]
[Result "0-1"]
[WhiteElo "1622"]
[BlackElo "1500"]

1. e4 e5 2. Qh5 Bd6 3. Qg4 Nh6 4. Qxg7 Rg8 5. Qxh6 Qg5 6. Qxh7 Qg7 7. Qh4 Be7 8.
Qh3 Rh8 9. Qc3 c5 10. b3 d6 11. Na3 Rh4 12. g3 Rxe4+ 13. Ne2 Nc6 14. Nb5 Bd8 15.
Nxd6+ Kf8 16. Nxe4 Be7 17. Nxc5 b6 18. Ne4 Qg6 19. Qxc6 Qxc6 20. N2c3 f5 21. Bg2
fxe4 22. Bxe4 Qc7 23. Bxa8 Bb7 24. Bxb7 Qxb7 25. O-O Bc5 26. Re1 Qf3 27. Ne4 Bd4
28. Ng5 Qxf2+ 29. Kh1 Qxe1+ 30. Kg2 Bxa1 31. Ba3+ Ke8 32. Bd6 Qxd2+ 33. Kh3 Qxd6
34. Kg4 Qg6 35. h4 Qxc2 36. h5 e4 37. h6 e3 38. Nf3 e2 39. Kf4 Qc1+ 40. Nd2 e1=R
41. h7 Bh8 42. g4 Qxd2+ 43. Kf5 Re5+ 44. Kg6 Qg5# 0-1

[Event "WWW.ASSUSTADOR.COM.BR"]
[Site "http://www.queenalice.com/game.php?id=487990"]
[Date "2008.11.4"]
[Round "-"]
[White "perucona"]
[Black "abo01"]
[Result "1-0"]
[WhiteElo "1607"]
[BlackElo "1475"]

1. e4 d5 2. e5 d4 3. d3 Nc6 4. Nf3 Bg4 5. Be2 Qd5 6. Ng5 Qxg2 7. Rf1 Bf5 8. Bf3
Qxh2 9. Rh1 Qxe5+ 10. Qe2 Qc5 11. Na3 Nb4 12. c3 Nd5 13. Kd2 dxc3+ 14. bxc3
Qxc3+ 15. Kd1 Qxa1 16. Nc2 Qxa2 17. Bxd5 Qxd5 18. Re1 Bxd3 19. Qe3 e6 20. Nxe6
Bxc2+ 21. Kxc2 fxe6 22. f4 Bc5 23. Qe2 Qf5+ 24. Kc3 Ke7 25. Kc4 Qd5+ 26. Kc3 a5
27. f5 Qxf5 28. Kb3 Nf6 29. Bb2 a4+ 30. Kc3 Nd5+ 31. Kc4 Ne3+ 32. Qxe3 Bxe3 33.
Rxe3 Qc2+ 34. Bc3 a3 35. Re1 1-0

[Event "Challenge"]
[Site "http://www.queenalice.com/game.php?id=490816"]
[Date "2008.11.9"]
[Round "-"]
[White "ZUMBI"]
[Black "abo01"]
[Result "0-1"]
[WhiteElo "1835"]
[BlackElo "1609"]

1. e4 e6 2. d4 Qf6 3. Nc3 Nc6 4. Nf3 g6 5. Bg5 Qg7 6. Bb5 h6 7. Bh4 g5 8. Bg3 g4
9. Ne5 a6 10. Ba4 b5 11. Bb3 Bd6 12. Qxg4 Qh7 13. d5 Bxe5 14. dxc6 Nf6 15. Qh4
Bxc3+ 16. bxc3 Nxe4 17. Bxc7 O-O 18. O-O dxc6 19. c4 Nd2 20. Rfd1 Qg7 21. Rxd2
Qxa1+ 22. Rd1 Qxd1# 0-1

[Event "AUTO-ADV-1119"]
[Site "http://www.queenalice.com/game.php?id=496663"]
[Date "2008.11.22"]
[Round "1"]
[White "Gera"]
[Black "abo01"]
[Result "1-0"]
[WhiteElo "1868"]
[BlackElo "1626"]

1. f4 e6 2. Nf3 Bd6 3. e3 Nh6 4. b3 O-O 5. Bb2 c6 6. Nc3 Ng4 7. Bd3 e5 8. Bxh7+
Kxh7 9. Ng5+ Kg8 10. Qxg4 Be7 11. Nge4 f5 12. Qg6 fxe4 13. Nxe4 d5 14. Bxe5 Bf6
15. Ng5 Bf5 16. Qxf5 Bxg5 17. Qg6 Bf6 18. O-O-O Nd7 19. d4 Qa5 20. Kb2 c5 21.
Rd3 c4 22. Rc3 cxb3 23. cxb3 Qb5 24. Rhc1 Nxe5 25. dxe5 Be7 26. Qe6+ Rf7 27.
Rc8+ Rxc8 28. Rxc8+ Bf8 29. Qg4 a5 30. e6 Re7 31. f5 Qb6 32. f6 Rxe6 33. Qxg7#
1-0

[Event "AUTO-ADV-1119"]
[Site "http://www.queenalice.com/game.php?id=496664"]
[Date "2008.11.22"]
[Round "1"]
[White "abo01"]
[Black "Gera"]
[Result "0-1"]
[WhiteElo "1553"]
[BlackElo "1899"]

1. e3 e5 2. Bd3 d6 3. Nh3 Bxh3 4. gxh3 a6 5. b3 Nc6 6. Be4 d5 7. Bf5 e4 8. Ba3
Be7 9. Qg4 Bf6 10. c3 Ne5 11. Qd1 Bh4 12. Qh5 Nf3+ 13. Kd1 Nf6 14. Bxe4 dxe4 15.
Qa5 Bxf2 16. Qa4+ b5 17. Qb4 Rc8 18. c4 Bxe3 19. cxb5 Rb8 20. Qc3 Bd4 21. Qc6+
Qd7 22. Qxd7+ Nxd7 23. Nc3 axb5 24. b4 O-O 25. Rc1 Bxc3 26. Rxc3 Rbd8 27. Rxc7
Rfe8 28. Rf1 Nde5 29. Rf2 Nc4 30. Bc1 Nfxd2 31. Rfxf7 Nf3+ 32. Kc2 Nd4+ 33. Kd1
Ne6+ 34. Rcd7 Nb6 35. Rd2 Kxf7 36. Ke2 Nf4+ 0-1

[Event "AUTO-ADV-1119"]
[Site "http://www.queenalice.com/game.php?id=496678"]
[Date "2008.11.22"]
[Round "1"]
[White "abo01"]
[Black "JoseASeguro"]
[Result "0-1"]
[WhiteElo "1478"]
[BlackElo "1789"]

1. e3 c5 2. Bd3 d5 3. Nf3 Nc6 4. O-O e5 5. Bb5 Bd7 6. Nc3 d4 7. exd4 exd4 8. Nd5
Nf6 9. Nf4 Bd6 10. d3 Qc7 0-1

[Event "AUTO-ADV-1119"]
[Site "http://www.queenalice.com/game.php?id=496685"]
[Date "2008.11.22"]
[Round "1"]
[White "Melchiorvsky"]
[Black "abo01"]
[Result "0-1"]
[WhiteElo "1572"]
[BlackElo "1425"]

1. e4 e5 2. Nf3 Bd6 3. d4 Qf6 4. Bg5 Qg6 5. Nc3 Nc6 6. Bb5 exd4 7. Bxc6 dxc3 8.
Bd5 f6 9. Be3 cxb2 10. Rb1 Bb4+ 11. Bd2 Qxg2 12. Rg1 Qh3 13. Bxb4 d6 14. Rxg7
Be6 15. Rxc7 Nh6 16. Bxd6 Rd8 17. Be7 Rc8 18. Bxb7 Kf7 19. Bxc8 Bxc8 20. e5 fxe5
21. Rxb2 Ba6 0-1

[Event "AUTO-ADV-1119"]
[Site "http://www.queenalice.com/game.php?id=496686"]
[Date "2008.11.22"]
[Round "1"]
[White "abo01"]
[Black "Melchiorvsky"]
[Result "1-0"]
[WhiteElo "1451"]
[BlackElo "1572"]

1. Nf3 c5 2. d4 cxd4 3. Nxd4 Nc6 4. e3 Nf6 5. Be2 e5 6. Nb3 Be7 7. O-O O-O 8.
Bc4 a6 9. a4 b6 10. Bd2 Bb7 11. Bd3 Qc7 12. c4 d5 13. cxd5 Nxd5 14. e4 Ndb4 15.
Bc4 Rad8 16. Qg4 Nd4 17. Bh6 Bf6 18. N1d2 Nxb3 19. Bxb3 1-0

[Event "AUTO-OPEN-1344"]
[Site "http://www.queenalice.com/game.php?id=496782"]
[Date "2008.11.22"]
[Round "1"]
[White "The_Searcher"]
[Black "abo01"]
[Result "1-0"]
[WhiteElo "1346"]
[BlackElo "1671"]

1. e4 e6 2. d4 Be7 3. Bd2 d5 4. Nc3 dxe4 5. f3 exf3 6. Nxf3 Bh4+ 7. g3 Be7 8.
Bb5+ c6 9. Bc4 b5 10. Be2 b4 11. Ne4 Nf6 12. Nxf6+ Bxf6 13. Bxb4 1-0

[Event "AUTO-OPEN-1344"]
[Site "http://www.queenalice.com/game.php?id=496783"]
[Date "2008.11.22"]
[Round "1"]
[White "abo01"]
[Black "The_Searcher"]
[Result "0-1"]
[WhiteElo "1605"]
[BlackElo "1375"]

1. g3 e5 2. Nf3 Nc6 3. e3 d6 4. Nc3 Nf6 5. e4 Be7 6. Ng5 O-O 7. d3 Bg4 8. f3 Bh5
9. Nh3 Nd7 10. g4 Bg6 0-1

[Event "AUTO-OPEN-1344"]
[Site "http://www.queenalice.com/game.php?id=496798"]
[Date "2008.11.22"]
[Round "1"]
[White "abo01"]
[Black "atila"]
[Result "0-1"]
[WhiteElo "1451"]
[BlackElo "1518"]

1. e4 d5 2. Bd3 dxe4 3. Bxe4 Nf6 4. Bd3 e5 5. c3 Nc6 6. Na3 Bxa3 7. bxa3 Qxd3 8.
Qe2 Qxe2+ 9. Nxe2 O-O 10. O-O Bd7 11. Ng3 Rfe8 12. d3 e4 13. Bf4 exd3 14. c4 Ne5
0-1

[Event "AUTO-OPEN-1344"]
[Site "http://www.queenalice.com/game.php?id=496799"]
[Date "2008.11.22"]
[Round "1"]
[White "atila"]
[Black "abo01"]
[Result "1-0"]
[WhiteElo "1483"]
[BlackElo "1472"]

1. d4 e6 2. c4 Nf6 3. e3 Qe7 4. Nf3 b6 5. Nc3 Bb7 6. Be2 Na6 7. O-O d5 8. cxd5
exd5 9. Re1 g6 10. Bf1 Bh6 11. Be2 O-O 12. Qb3 c5 13. Bxa6 Bxa6 14. Nxd5 1-0